Southville International School and Colleges
Your cart is empty.
  • Cart
  • Lists
    Public lists Eva Luna New books Lux_list list_1
    Your lists Log in to create your own lists
  • Log in to your account
  • Your cookies
  • Search history
Southville International School and Colleges
  • Advanced search
  • Recent comments
  • Most popular
  • Libraries

Log in to your account

Log in with GOOGLE


If you do not have an external account, but do have a local account, you can still log in:

  1. Home
  2. MARC view: Thinking skills, bk. D /
Normal view MARC view ISBD view

Thinking skills, bk. D / (Record no. 112860)

[ view plain ]
MARC details
000 -LEADER
fixed length control field 00785nam a2200241 a 4500
001 - CONTROL NUMBER
control field 1123
005 - DATE AND TIME OF LATEST TRANSACTION
control field 20140414131953.0
008 - FIXED-LENGTH DATA ELEMENTS--GENERAL INFORMATION
fixed length control field 041021s19uu xx 00 eng d
020 ## - INTERNATIONAL STANDARD BOOK NUMBER
International Standard Book Number 0-88309-978-0
050 ## - LIBRARY OF CONGRESS CALL NUMBER
Classification number TR 415
Item number R61 1991
100 ## - MAIN ENTRY--PERSONAL NAME
Personal name Rodgers, Molly
245 ## - TITLE STATEMENT
Title Thinking skills, bk. D /
Statement of responsibility, etc Molly Rodgers & Linda Zimmer.
260 ## - PUBLICATION, DISTRIBUTION, ETC. (IMPRINT)
Place of publication, distribution, etc Columbus, Ohio :
Name of publisher, distributor, etc Essential Learning Products,
Date of publication, distribution, etc 1991.
300 ## - PHYSICAL DESCRIPTION
Extent 96 p. ; cm.
440 ## - SERIES STATEMENT/ADDED ENTRY--TITLE
Title Essential Learning Products
500 ## - GENERAL NOTE
General note Contents: Concluding, Translating, Findind Causes: Naming--Matching--Sorting--Ordering--Connecting--Predicting--Relating.
650 ## - SUBJECT ADDED ENTRY--TOPICAL TERM
Topical term or geographic name as entry element Grammar
General subdivision Juvenile literature.
650 ## - SUBJECT ADDED ENTRY--TOPICAL TERM
Topical term or geographic name as entry element Languages
General subdivision Juvenile literature.
Holdings
Withdrawn status Lost status Damaged status Home library Current library Shelving location Date acquired Source of acquisition Total Checkouts Full call number Barcode Date last seen Price effective from Koha item type
      Munich Library Munich Library Teachers Reference Section 10/21/2004     TR 415 R61 1991 M4265 04/14/2014 04/14/2014 Books
      Munich Library Munich Library Teachers Reference Section 10/21/2004     TR 415 R61 1991 M4264 04/14/2014 04/14/2014 Books
      Munich Library Munich Library Teachers Reference Section 10/21/2004     TR 415 R61 1991 M4263 04/14/2014 04/14/2014 Books
      Munich Library Munich Library Teachers Reference Section 10/21/2004     TR 415 R61 1991 M4262 04/14/2014 04/14/2014 Books

Thinking skills, bk. D /

APA

Rodgers M., . (1991). Thinking skills, bk. D. Columbus, Ohio: Essential Learning Products.

Chicago

Rodgers Molly, . 1991. Thinking skills, bk. D. Columbus, Ohio: Essential Learning Products.

Harvard

Rodgers M., . (1991). Thinking skills, bk. D. Columbus, Ohio: Essential Learning Products.

MLA

Rodgers Molly, . Thinking skills, bk. D. Columbus, Ohio: Essential Learning Products. 1991.

  • Place hold
  • Print
  • Cite
  • Add to your cart (remove)
  • Save record
    BIBTEX Dublin Core MARCXML MARC (non-Unicode/MARC-8) MARC (Unicode/UTF-8) MARC (Unicode/UTF-8, Standard) MODS (XML) RIS
  • More searches
    Search for this title in:
    Other Libraries (WorldCat) Other Databases (Google Scholar) Online Stores (Bookfinder.com) Open Library (openlibrary.org)

Exporting to Dublin Core...

SOUTHVILLE LIBRARY

Southville International School and Colleges Library

1281 Tropical Ave. Cor. Luxembourg St., BF Homes International, Las Pinas City

Tel. No. 8256374 / 252358 Loc. 117/146

Powered by Koha